Govt. of
Madhya Pradesh

Dr.Shyamaprasad Mookherjee (Record no. 68107)

MARC details
000 -LEADER
fixed length control field 00308nam a22001097a 4500
082 ## - DEWEY DECIMAL CLASSIFICATION NUMBER
Classification number 920/BAK
100 ## - MAIN ENTRY--AUTHOR NAME
Personal name Bakshi,Dr.D.N.
245 ## - TITLE STATEMENT
Title Dr.Shyamaprasad Mookherjee
Sub Title The Nationalist,Educationist And Champion Of Humanity
260 ## - PUBLICATION, DISTRIBUTION, ETC. (IMPRINT)
Place of publication Kolkta
Name of publisher Towads Freedom
Year of publication 2022
650 ## - SUBJECT ADDED ENTRY--TOPICAL TERM
Topical Term Biography
942 ## - ADDED ENTRY ELEMENTS (KOHA)
Koha item type Books
Holdings
Withdrawn status Lost status Damaged status Not for loan Home library Current library Date acquired Cost, normal purchase price Full call number Accession Number Price effective from Koha item type
        MACL MACL 13/09/2025 350.00 920/BAK CRE040288 13/09/2025 Books